Το κίνημα του ναυτικού και η ανταρσία του Α τριάντα χρόνια μετά
Αποθηκεύτηκε σε:
| Συγγραφή απο Οργανισμό/Αρχή: | |
|---|---|
| Άλλοι συγγραφείς: | |
| Μορφή: | Βιβλίο |
| Γλώσσα: | Greek |
| Δημοσίευση: |
Αθήνα :
Υπουργείο Αιγαίου,
2003.
|
| Θέματα: | |
| Ετικέτες: |
Προσθήκη ετικέτας
Δεν υπάρχουν, Καταχωρήστε ετικέτα πρώτοι!
|
MARC
| LEADER | 00000cam a2200000 i 4500 | ||
|---|---|---|---|
| 001 | 1/39571 | ||
| 008 | 030829s2003 gr | | | |||| ||gre|| | ||
| 020 | |a 9607859464 | ||
| 035 | |l 10070648 | ||
| 040 | |a GR-MyUa |b gre |e AACR2 | ||
| 041 | 0 | |a gre | |
| 082 | 7 | |a 938.79 | |
| 245 | 0 | 3 | |a Το κίνημα του ναυτικού και η ανταρσία του Α/Τ "Βέλος" : |b τριάντα χρόνια μετά / |c επιμέλεια Τάσος Σακελλαρόπουλος. |
| 260 | |a Αθήνα : |b Υπουργείο Αιγαίου, |c 2003. | ||
| 300 | |a 71 σ. : |b εικ. ; |c 22 εκ. | ||
| 610 | 1 | 0 | |a Ελλάς. |b Ναυτικό. |
| 651 | 0 | |a Greece |x History |y Coup d'etat, 1973 (May 22-23) | |
| 700 | 1 | |a Σακελλαρόπουλος, Τάσος, |e edt | |
| 710 | 2 | |a Υπουργείο Αιγαίου. | |
| 852 | |a INST |b LESVOS |e 20030910 |h 938.79 ΚΙΝ |p 005100026602 |q 005100026602 |t BK |y 0 | ||
| 852 | |a INST |b SAMOS |e 20030829 |h 938.79 ΚΙΝ |p 005300023950 |q 005300023950 |t BK |y 0 | ||
| 901 | |a BIBL3-2003-2 | ||
| 901 | |a BIBL1-2003-3 | ||
| 970 | |a ΧΑΤΖΗΠΑΝΑΓΙΩΤΟΥ |b ΚΥΡΙΑΚΗ |z 2003/08/29 | ||